Claves para la lingüística

Bewaard in:
Bibliografische gegevens
Hoofdauteur: Mounin, Georges
Formaat: Boek
Taal:Undetermined
Gepubliceerd in: Barcelona, España Anagrama 1974
Onderwerpen:
Tags: Voeg label toe
Geen labels, Wees de eerste die dit record labelt!

MARC

LEADER 00000nam a2200000Ia 4500
008 170316s9999 xx 000 0 und d
090 |a 410 M-22c 
100 |a Mounin, Georges 
245 |a Claves para la lingüística 
260 |a Barcelona, España 
260 |b Anagrama 
260 |c 1974 
300 |a 139 páginas 
650 |a LINGÜÍSTICA 
999 |c 18600  |d 18600 
040 |a cru BVZT 
942 |c 15 D  |h 410 M-22c  |2 z